Biblioteca

¿Qué sabemos sobre el cielo? (Registro nro. 32288)

Detalles MARC
000 -LÍDER
Campo fijo de descripción fija 01013nam a2200301 i 4500
001 - NÚMERO DE CONTROL
Campo de control 768714001
003 - IDENTIFICADOR DEL NÚMERO DE CONTROL
Campo de control CO-MdFUSB
005 - FECHA Y HORA DE LA ULTIMA TRANSACCIÓN
control field 20241204165757.0
007 - CAMPO FIJO DE DESCRIPCIÓN FIJA--INFORMACIÓN GENERAL
Campo fijo de descripción fija ta
008 - ELEMENTOS DE LONGITUD FIJA -- INFORMACIÓN GENERAL
Campo fijo de descripción fija -- Información general 241204t1986 sp ||||| |||| 001 0dspa d
020 ## - NÚMERO INTERNACIONAL NORMALIZADO PARA LIBROS
Número Internacional Normalizado del libro 84-7645-070-2
040 ## - FUENTE DE CATALOGACIÓN
Agencia de catalogación original CO-MdFUSB
Idioma de catalogación spa
Agencia que realiza la transcripción CO-MdFUSB
Agencia que realiza la modificación CO-MdFUSB
Convenciones de la descripción rda
041 0# - CÓDIGO DE IDIOMA
Código de idioma para texto/pista de sonido o título separado spa
082 04 - NÚMERO DE CLASIFICACIÓN DECIMAL DEWEY
Número de clasificación 236.24
Número de la edición del Dewey 23
Clave de autor-Numero de item S435q
100 1# - ASIENTO PRINCIPAL--NOMBRE PERSONAL
Nombre personal Scroggie, W. Graham
Término relacionador autor
245 10 - TÍTULO
Título del Material ¿Qué sabemos sobre el cielo?
Mención de responsabilidad, etc. / W. Graham Scroggie ; Eliseo Vila
264 #1 - PRODUCCIÓN, PUBLICACIÓN, DISTRIBUCIÓN, MANUFACTURA, Y COPYRIGHT
Nombre del productor, publicador, distribuidor Clie,
Lugar de producción, publicación, distribución, manufactura Barcelona, España
Fecha de producción, publicación, distribución, manufactura, o copyright [1986]
264 #4 - PRODUCCIÓN, PUBLICACIÓN, DISTRIBUCIÓN, MANUFACTURA, Y COPYRIGHT
Fecha de producción, publicación, distribución, manufactura, o copyright ©1986
300 ## - DESCRIPCIÓN FÍSICA
Extensión 140 Página
Dimensiones 20 cm
336 ## - TIPO DE CONTENIDO
Término de tipo de contenido texto
Código de tipo de contenido txt
Fuente rdacontent
337 ## - TIPO DE MEDIO
Fuente rdamedia
Nombre del tipo de medio sin mediación
Código del tipo de medio n
338 ## - TIPO DE SOPORTE
Fuente rdacarrier
Nombre del tipo de soporte volumen
Código Tipo de soporte nc
505 ## - NOTA DE CONTENIDO
Nota de contenido con formato preestablecido La respuesta por inferencia. -- La respuesta de la revelación el estado intermedio antes del segundo advenimiento. -- Respuesta de la revelación el estado final después del segundo advenimiento.
563 ## - NOTA DE ENCUADERNACIÓN
Nota de encuadernación rustica
650 #0 - ASIENTO SECUNDARIO DE MATERIA - TERMINO TEMÁTICO
Término temático o nombre geográfico como elemento de entrada Muerte
9 (RLIN) 1613
942 ## - TIPO DE MATERIAL (KOHA)
Tipo de Item KOHA Libros General
945 ## - INFORMACIÓN LOCAL DEL REGISTRO
Catalogador Luz Peña
Existencias
Estado de Material Estado de Perdido Estado de Dañado No para Préstamo Colección Tomo Biblioteca de Origen Biblioteca Permanente Fecha de Adquisición Total de Préstamos Signatura Topográfica Código de Barras Última vez visto Ejemplar/Existencia Fecha de Remplazo Tipo de Material
        Colección General   Biblioteca FUSBC Biblioteca FUSBC 27/09/2004   G 236.24 S435q 445 12/12/2019 1 26/01/2016 Libros General
        Colección General   Biblioteca FUSBC Biblioteca FUSBC 27/09/2004   G 236.24 S435q 446 12/12/2019 2 26/01/2016 Libros General

Biblioteca FUSBC | Teléfono: (57+4) 349 88 10 Ext. 141| WhatsApp (+57) 3005338115 
E-mail: biblioteca@unisbc.edu.co | Calle 76 87-14 Robledo Palenque, Medellín, Colombia

Con tecnología Koha